Statistics for Countries Hidden In A Cube

Click here to take the quiz!

General Stats

  • This quiz has been taken 131 times
  • The average score is 11 of 15

Answers on the Map

Answers color-coded by a green-red scale on the quiz's map according to % correct below.
 

Answer Stats

Country% Correct
India
95%
Italy
91%
Chile
90%
New Zealand
84%
Indonesia
82%
Thailand
78%
Mexico
77%
Peru
77%
Norway
74%
South Africa
74%
Algeria
71%
Madagascar
60%
United Arab Emirates
59%
Mali
48%
Ukraine
42%

Score Distribution

Percentile by Number Answered

Percent of People with Each Score

Your Score History

You have not taken this quiz